Del derecho al razonamiento probatorio /
Guardado en:
| Autor Principal: | |
|---|---|
| Otros Autores: | , , , , , , , , |
| Formato: | Libro |
| Idioma: | Undetermined |
| Publicado: |
Madrid :
Marcial Pons,
2020.
|
| Edición: | 1a. ed. |
| Series: | Proceso y Derecho
|
| Materias: | |
| Etiquetas: |
Agregar Etiqueta
Sin Etiquetas, Sea el primero en etiquetar este registro!
|
| LEADER | 01036nam a22003135a 4500 | ||
|---|---|---|---|
| 001 | DER.der014838 | ||
| 008 | 230919s2020####sp############000#0#und#d | ||
| 005 | 20230919172802.0 | ||
| 245 | 1 | 0 | |a Del derecho al razonamiento probatorio / |c Jordi Ferrer Beltrán. |
| 250 | |a 1a. ed. | ||
| 260 | |a Madrid : |b Marcial Pons, |c 2020. | ||
| 300 | |a 239 p. | ||
| 490 | 1 | |a Proceso y Derecho | |
| 020 | |a 9788491237679 | ||
| 100 | 1 | |a Ferrer Beltrán, Jordi, |e ed. | |
| 700 | 1 | |a Vázquez, Carmen, |e ed. | |
| 700 | 1 | |a Aguilera, Edgar. | |
| 700 | 1 | |a Fuchs Nissim, Andrés. | |
| 700 | 1 | |a García Ramírez, María de Jesús. | |
| 700 | 1 | |a Giles, Alejo Joaquín. | |
| 700 | 1 | |a Muñoz García, Miguel Angel. | |
| 700 | 1 | |a Paredes Palacios, Paul. | |
| 700 | 1 | |a Sánchez Gavier, Santiago. | |
| 700 | 1 | |a Vieira, Antonio. | |
| 650 | 7 | |a EPISTEMOLOGIA JURIDICA | |
| 650 | 7 | |a PRINCIPIO DE FACILITACION PROBATORIA | |
| 650 | 7 | |a CONTROL DE RIESGOS EPISTEMICOS | |
| 650 | 7 | |a VIOLACION DEL PRINCIPIO CONSTITUCIONAL | |
| 859 | |a DERECHO |b BIB. DERECHO |h 347.06 |i FER |p 0010226 | ||
